[Event "Montreal-Tch"]
[Site "Montreal CAN"]
[Date "1974.03.23"]
[Round "4"]
[White "Brodie, Hugh"]
[Black "Migicovsky, Manuel"]
[Result "0-1"]
[WhiteElo "1800"]
[BlackElo "1750"]
[PlyCount "98"]
[EventDate "1974.02.26"]
[EventType "team"]
[EventRounds "4"]
[EventCountry "CAN"]

1. f4 b6 2. d4 Nf6 3. Nf3 Bb7 4. e3 e6 5. Bd3 c5 6. c3 Be7 7. O-O O-O 8. Nbd2
d5 9. Ne5 Nbd7 10. g4 Ne4 11. g5 f6 12. gxf6 Rxf6 13. Ndf3 Rh6 14. Kh1 Ng3+ 15.
Kg2 Nxf1 16. Qxf1 Nxe5 17. Nxe5 Qf8 18. Bd2 Bh4 19. Be1 Qe7 20. Qf3 Bxe1 21.
Rxe1 Qh4 22. Qg3 Qxg3+ 23. hxg3 Rf6 24. Rh1 g6 25. Ng4 Rff8 26. Ne5 Rfe8 27. g4
Re7 28. g5 a5 29. Ng4 Kg7 30. Nf6 h5 31. Bb5 Ba6 32. Bc6 Rc8 33. Bd7 Rd8 34.
Ba4 b5 35. Bd1 c4 36. Be2 b4 37. Bd1 Rb8 38. Rh2 bxc3 39. bxc3 Rb2+ 40. Kg3
Rxh2 41. Kxh2 Rb7 42. Ne8+ Kf8 43. Ba4 Rb2+ 44. Kg3 Rxa2 45. Bc6 Rb2 46. Nc7
Bc8 47. Nb5 a4 48. Nd6 a3 49. Nxc8 a2 0-1

[Event "Carnaval"]
[Site "Quebec CAN"]
[Date "1974.02.15"]
[Round "1"]
[White "Letourneau, Charles"]
[Black "Brodie, Hugh"]
[Result "1-0"]
[WhiteElo "2056"]
[BlackElo "1800"]
[PlyCount "45"]
[EventDate "1974.02.15"]
[EventType "swiss"]
[EventRounds "5"]
[EventCountry "CAN"]

1. e4 e6 2. d4 d5 3. Nd2 dxe4 4. Nxe4 Nd7 5. Bd3 Ngf6 6. Ne2 Be7 7. O-O O-O 8.
c3 b6 9. Qc2 Bb7 10. Rd1 Qc8 11. Bg5 h6 12. Bh4 c5 13. dxc5 Nxc5 14. Bxf6 Bxf6
15. Nxf6+ gxf6 16. Nd4 Nxd3 17. Rxd3 f5 18. Qd2 Kg7 19. Rg3+ Kf6 20. Qxh6+ Ke7
21. Qh4+ Kd7 22. Rd1 Ke8 23. Nb5 1-0

[Event "Carnaval"]
[Site "Quebec CAN"]
[Date "1974.02.16"]
[Round "2"]
[White "Brodie, Hugh"]
[Black "Gilbert, Erick"]
[Result "1/2-1/2"]
[WhiteElo "1800"]
[BlackElo "1891"]
[PlyCount "49"]
[EventDate "1974.02.15"]
[EventType "swiss"]
[EventRounds "5"]
[EventCountry "CAN"]

1. f4 d5 2. b3 Nf6 3. Nf3 g6 4. e3 Bg7 5. Bb2 Bg4 6. Be2 O-O 7. O-O c6 8. Qe1
Nbd7 9. Nc3 Ne4 10. Nd1 Qa5 11. Bxg7 Kxg7 12. d3 Qxe1 13. Rxe1 Nd6 14. Nf2 Bxf3
15. Bxf3 e5 16. fxe5 Nxe5 17. e4 Nxf3+ 18. gxf3 dxe4 19. fxe4 Nb5 20. Kg2 Nd4
21. Rac1 Rae8 22. c3 Ne6 23. Kg3 h6 24. d4 Ng5 25. e5 1/2-1/2

[Event "Carnaval"]
[Site "Quebec CAN"]
[Date "1974.02.16"]
[Round "3"]
[White "Turcot, Jean"]
[Black "Brodie, Hugh"]
[Result "0-1"]
[WhiteElo "1322"]
[BlackElo "1800"]
[PlyCount "91"]
[EventDate "1974.02.15"]
[EventType "swiss"]
[EventRounds "5"]
[EventCountry "CAN"]

1. b4 c6 2. Bb2 Qb6 3. a3 a5 4. c4 axb4 5. c5 Qc7 6. axb4 Rxa1 7. Bxa1 e5 8. e3
d6 9. d4 exd4 10. exd4 Nf6 11. Nf3 Be7 12. Be2 O-O 13. O-O Nbd7 14. Qc2 Nd5 15.
b5 cxb5 16. Bxb5 dxc5 17. Bxd7 Bxd7 18. Nbd2 cxd4 19. Qxc7 Nxc7 20. Bxd4 b5 21.
Rc1 Ne6 22. Be3 b4 23. Nb3 Ra8 24. Ra1 Rxa1+ 25. Nxa1 Ba4 26. Nd2 Bf6 27. Ndb3
Bxa1 28. Nxa1 b3 29. Nxb3 Bxb3 30. Kf1 Kf8 31. Ke2 Ke7 32. Kd3 Kd6 33. f4 Nc5+
34. Bxc5+ Kxc5 35. g4 Kd5 36. h4 g6 37. Ke3 h5 38. g5 Ke6 39. Kf2 Kf5 40. Kf3
Bd5+ 41. Kg3 Ke4 42. f5 Kxf5 43. Kh3 Kf4 44. Kh2 Kg4 45. Kg1 Kxh4 46. Kh2 0-1

[Event "Carnaval"]
[Site "Quebec CAN"]
[Date "1974.02.17"]
[Round "4"]
[White "Cote, Jacques"]
[Black "Brodie, Hugh"]
[Result "0-1"]
[WhiteElo "1248"]
[BlackElo "1800"]
[PlyCount "106"]
[EventDate "1974.02.15"]
[EventType "swiss"]
[EventRounds "5"]
[EventCountry "CAN"]

1. e4 c5 2. Nf3 Nc6 3. d4 cxd4 4. Nxd4 g6 5. Be3 Bg7 6. Nc3 Nf6 7. Bc4 O-O 8.
f3 Qa5 9. Nb3 Qc7 10. Qd2 d6 11. Nb5 Qd8 12. O-O-O a6 13. Nc3 b5 14. Be2 Be6
15. Nd5 Ne5 16. Bb6 Qd7 17. Na5 Rfc8 18. Kb1 Nxd5 19. exd5 Bf5 20. Rc1 Qe8 21.
g4 Bd7 22. Qb4 Nc4 23. Bxc4 bxc4 24. c3 Rab8 25. Nxc4 Rxc4 26. Qxc4 Rxb6 27.
Rhg1 Qb8 28. Rg2 e6 29. Rf2 exd5 30. Qxd5 Be6 31. Qa5 d5 32. Rd1 Qc7 33. Ka1 d4
34. Rfd2 dxc3 35. Rd8+ Bf8 36. Qxc3 Qxc3 37. bxc3 f6 38. Rb1 Rxb1+ 39. Kxb1 Kf7
40. Ra8 Bc4 41. Ra7+ Be7 42. Rd7 Be2 43. Rd4 Bxf3 44. Ra4 Be2 45. Kc2 Bd6 46.
h4 f5 47. gxf5 gxf5 48. Rd4 Bg3 49. c4 f4 50. Re4 f3 51. Kd2 Bf1 52. Rg4 Bg2
53. Ke3 f2 0-1

[Event "Carnaval"]
[Site "Quebec CAN"]
[Date "1974.02.17"]
[Round "5"]
[White "Brodie, Hugh"]
[Black "Bernard, Marie"]
[Result "1/2-1/2"]
[WhiteElo "1800"]
[BlackElo "1344"]
[PlyCount "108"]
[EventDate "1974.02.15"]
[EventType "swiss"]
[EventRounds "5"]
[EventCountry "CAN"]

1. e4 Nf6 2. Nc3 d5 3. e5 d4 4. exf6 dxc3 5. fxg7 cxd2+ 6. Bxd2 Bxg7 7. Qh5 Qd4
8. c3 Qg4 9. Qxg4 Bxg4 10. Be2 Bd7 11. Nf3 Nc6 12. O-O-O O-O-O 13. Ng5 Rdf8 14.
Bc4 Ne5 15. Be2 h6 16. Ne4 Bf5 17. Ng3 Be6 18. Kb1 Rhg8 19. Nh5 Bg4 20. Rhe1
Bxh5 21. Bxh5 Nc6 22. Bg4+ e6 23. Bh3 h5 24. Be3 Bf6 25. g3 Be7 26. f4 f5 27.
Bf2 Rf6 28. Re2 Bd6 29. Rde1 Re8 30. Bg2 Kb8 31. Bd5 Nd8 32. Bf3 Rh6 33. c4 b6
34. a3 Nb7 35. b4 a6 36. Kc2 Bf8 37. Bc6 Re7 38. c5 b5 39. Rd1 Kc8 40. Red2
Rhh7 41. Bd4 Bg7 42. Be3 Bf6 43. Bf3 Re8 44. Bxb7+ Kxb7 45. Rd7 Rxd7 46. Rxd7
Re7 47. Rd8 Rf7 48. Re8 Re7 49. Rf8 Bg7 50. Rd8 Bf6 51. Bd4 Bxd4 52. Rxd4 e5
53. fxe5 Rxe5 54. Kd2 Kc6 1/2-1/2

[Event "Ottawa op"]
[Site "Ottawa CAN"]
[Date "1974.02.09"]
[Round "2"]
[White "Brodie, Hugh"]
[Black "Hopper, Michael"]
[Result "1-0"]
[WhiteElo "1800"]
[BlackElo "1425"]
[PlyCount "77"]
[EventDate "1974.??.??"]
[EventType "swiss"]
[EventCountry "CAN"]

1. f4 e5 2. fxe5 d6 3. exd6 Bxd6 4. Nf3 g5 5. g3 g4 6. Nh4 c6 7. d4 Be6 8. Qd3
Nd7 9. c3 Ne7 10. e4 Ng6 11. Ng2 f6 12. Be3 Qc7 13. Nd2 O-O-O 14. Nc4 Nc5 15.
Nxd6+ Rxd6 16. Qc2 Nd7 17. Nf4 Ndf8 18. O-O-O Qa5 19. Nxe6 Rxe6 20. Bc4 Rd6 21.
Bh6 Ne6 22. Rhf1 Re8 23. Rxf6 Nxd4 24. Qf2 Rxf6 25. Qxf6 Nf3 26. Be6+ Kb8 27.
Rd7 Qb6 28. Qf7 Qg1+ 29. Rd1 Qxd1+ 30. Kxd1 Rd8+ 31. Kc2 Ne1+ 32. Kb3 Nd3 33.
a4 Nc5+ 34. Ka3 Nxe4 35. Bf4+ Nxf4 36. Qxf4+ Nd6 37. Bxg4 Ka8 38. Qf6 Nc4+ 39.
Kb4 1-0

[Event "Ottawa op"]
[Site "Ottawa CAN"]
[Date "1974.02.09"]
[Round "3"]
[White "Fleming, Terry"]
[Black "Brodie, Hugh"]
[Result "0-1"]
[WhiteElo "1536"]
[BlackElo "1800"]
[PlyCount "112"]
[EventDate "1974.??.??"]
[EventType "swiss"]
[EventCountry "CAN"]

1. e4 c5 2. Nc3 Nc6 3. g3 g6 4. d3 Bg7 5. Bd2 d6 6. Bg2 e6 7. Nf3 Nge7 8. O-O
Rb8 9. a4 a6 10. Qe2 b5 11. axb5 axb5 12. d4 b4 13. Nb5 cxd4 14. Qd3 e5 15. c3
bxc3 16. bxc3 O-O 17. cxd4 exd4 18. Nfxd4 Nxd4 19. Nxd4 Bb7 20. Rfc1 d5 21. Bf4
dxe4 22. Bxe4 Bxe4 23. Qxe4 Rb4 24. Re1 Rxd4 25. Qxe7 Qxe7 26. Rxe7 Rxf4 27.
Rae1 Rc4 28. Kg2 Rc2 29. Rd7 Bf6 30. Rb1 Kg7 31. Rbb7 Rcc8 32. Rd2 Rfd8 33. Ra2
Rb8 34. Rc7 Be5 35. Rc5 Bd4 36. Rcc2 Rd7 37. Rd2 Rbd8 38. Rdc2 Ra7 39. Kf3 Rxa2
40. Rxa2 Rb8 41. Rd2 Bf6 42. h3 Rb2 43. Rd5 Bc3 44. Rd1 Rd2 45. Rc1 Bd4 46. Rf1
g5 47. g4 Kg6 48. Kg2 h5 49. Kg3 hxg4 50. hxg4 Bxf2+ 51. Rxf2 Rxf2 52. Kxf2 Kf6
53. Kf3 Ke5 54. Ke3 f6 55. Kf3 Kd4 56. Kg2 Ke4 0-1

[Event "Ottawa op"]
[Site "Ottawa CAN"]
[Date "1974.02.10"]
[Round "4"]
[White "Brodie, Hugh"]
[Black "South, Fred"]
[Result "1/2-1/2"]
[WhiteElo "1800"]
[BlackElo "1768"]
[PlyCount "59"]
[EventDate "1974.??.??"]
[EventType "swiss"]
[EventCountry "CAN"]

1. f4 d5 2. b3 Nf6 3. e3 g6 4. Nf3 Bg7 5. Bb2 O-O 6. Be2 c5 7. O-O Nc6 8. a3 b6
9. Qe1 Bb7 10. Qh4 d4 11. exd4 Nxd4 12. Nxd4 cxd4 13. f5 Rc8 14. fxg6 hxg6 15.
Bc4 b5 16. Bd3 Qd5 17. Rf2 Qh5 18. Qxh5 Nxh5 19. c3 Bd5 20. Bxb5 Bxb3 21. a4
Rfd8 22. cxd4 Rc2 23. Bc3 Bxd4 24. Bxd4 Rxd4 25. Ra3 Rc1+ 26. Rf1 Rxf1+ 27.
Kxf1 Bc2 28. Nc3 Rxd2 29. Bc6 Bd3+ 30. Ke1 1/2-1/2

[Event "Ottawa op"]
[Site "Ottawa CAN"]
[Date "1974.02.10"]
[Round "5"]
[White "Brett, John"]
[Black "Brodie, Hugh"]
[Result "1-0"]
[WhiteElo "1948"]
[BlackElo "1800"]
[PlyCount "58"]
[EventDate "1974.??.??"]
[EventType "swiss"]
[EventCountry "CAN"]

1. e4 c5 2. d4 cxd4 3. Nf3 d6 4. Nxd4 Nf6 5. Nc3 g6 6. Be3 Bg7 7. f3 O-O 8. Qd2
Nc6 9. Bc4 Bd7 10. Bb3 Qa5 11. h4 Rfc8 12. Rd1 Ne5 13. Bh6 Bh8 14. h5 Nc4 15.
hxg6 hxg6 16. Bxc4 Rxc4 17. Nb3 Qa6 18. Kf2 Rac8 19. Rh2 Bc6 20. Rdh1 Bxe4 21.
Bg5 Nh5 22. fxe4 Be5 23. Rh3 f6 24. Bh6 e6 25. g4 Bxc3 26. bxc3 Rxe4 27. gxh5
g5 28. Bxg5 fxg5 29. Qxg5+ Kf8 1-0

[Event "Quebec op"]
[Site "Montreal CAN"]
[Date "1973.10.06"]
[Round "1"]
[White "Brodie, Hugh"]
[Black "Fuster, Geza"]
[Result "1/2-1/2"]
[WhiteElo "1800"]
[BlackElo "2100"]
[PlyCount "149"]
[EventDate "1973.10.06"]
[EventType "swiss"]
[EventRounds "6"]
[EventCountry "CAN"]

1. f4 Nf6 2. Nf3 d5 3. e3 Bg4 4. b3 Nbd7 5. Bb2 c6 6. Be2 Bxf3 7. Bxf3 Qc7 8.
d4 e6 9. O-O c5 10. Qd2 cxd4 11. exd4 Bd6 12. g3 O-O 13. Na3 Qb6 14. Kh1 Rfc8
15. c3 a5 16. Rac1 Bxa3 17. Bxa3 a4 18. Bb4 axb3 19. axb3 Nb8 20. Qb2 h5 21.
Bc5 Qd8 22. c4 Nc6 23. cxd5 Nxd5 24. Bxh5 b6 25. Ba3 Ne3 26. Rf2 Nxd4 27. Rxc8
Rxc8 28. Qd2 Nec2 29. Bb2 Qd5+ 30. Bf3 Qc5 31. b4 Nxf3 32. Rxf3 Qxb4 33. Qd7
Qe1+ 34. Kg2 Qe2+ 35. Kg1 Rf8 36. Qd3 Qxd3 37. Rxd3 Nb4 38. Rb3 Nd5 39. Bd4 Rc8
40. Rb5 Rc6 41. f5 Kf8 42. fxe6 fxe6 43. h4 g6 44. Kg2 Ke7 45. Kf3 Kd6 46. Ke4
Rc1 47. Kf3 Kc6 48. Rb2 b5 49. Re2 Kd6 50. g4 Rh1 51. Be5+ Ke7 52. Rh2 Rxh2 53.
Bxh2 b4 54. Be5 Kf7 55. h5 gxh5 56. gxh5 Nf6 57. Bd6 b3 58. Ba3 Nxh5 59. Ke3 e5
60. Kd3 Ke6 61. Kc3 e4 62. Bc1 Kd5 63. Be3 Ng3 64. Kxb3 Nf5 65. Bf2 Ke5 66. Kc2
Kf4 67. Kd1 Kf3 68. Ba7 Ne3+ 69. Kd2 Ng2 70. Kd1 Nf4 71. Kd2 Nd5 72. Ke1 Nc3
73. Kd2 Nb5 74. Bb6 Na3 75. Ba7 1/2-1/2

[Event "Quebec op"]
[Site "Montreal CAN"]
[Date "1973.10.06"]
[Round "2"]
[White "Brodie, Hugh"]
[Black "Engalicev, Nicolas"]
[Result "0-1"]
[WhiteElo "1800"]
[BlackElo "2105"]
[PlyCount "94"]
[EventDate "1973.10.06"]
[EventType "swiss"]
[EventRounds "6"]
[EventCountry "CAN"]

1. f4 d5 2. b3 Nf6 3. e3 g6 4. Bb2 Bg7 5. Nf3 O-O 6. Be2 Nbd7 7. O-O Nc5 8. Qe1
Nce4 9. Qh4 c6 10. h3 Nd6 11. g4 e6 12. d3 Bd7 13. Nbd2 Nfe8 14. Bxg7 Qxh4 15.
Nxh4 Nxg7 16. e4 Nb5 17. c4 Nd4 18. Rf2 h5 19. e5 a5 20. Nhf3 Nc2 21. Rc1 Ne3
22. Nh4 hxg4 23. hxg4 Rfc8 24. Ng2 Nxg2 25. Kxg2 b5 26. c5 b4 27. Rh1 a4 28.
Bd1 axb3 29. Bxb3 Kf8 30. Kg3 Ne8 31. Nf3 Nc7 32. Ng5 Ke7 33. Rh7 Rf8 34. Rfh2
Ra5 35. d4 Nb5 36. Rd2 Ra3 37. Kg2 Nc3 38. Rb2 Bc8 39. Kh1 Ba6 40. f5 gxf5 41.
gxf5 Bd3 42. Nxe6 Be4+ 43. Kh2 Rg8 44. Ng7 Nb5 45. Rd2 Raa8 46. Kh3 Kf8 47. e6
Rxg7 0-1

[Event "Quebec op"]
[Site "Montreal CAN"]
[Date "1973.10.07"]
[Round "3"]
[White "Beaulieu, Serge"]
[Black "Brodie, Hugh"]
[Result "0-1"]
[WhiteElo "1600"]
[BlackElo "1800"]
[PlyCount "44"]
[EventDate "1973.10.06"]
[EventType "swiss"]
[EventRounds "6"]
[EventCountry "CAN"]

1. d4 Nf6 2. c4 e5 3. dxe5 Ng4 4. Nf3 Bc5 5. e3 Nc6 6. Be2 Ngxe5 7. Nxe5 Nxe5
8. O-O O-O 9. b3 d6 10. Bb2 Qh4 11. Bxe5 dxe5 12. Nd2 Qe7 13. e4 f5 14. Kh1 f4
15. Nf3 c6 16. Qc2 g5 17. Qc3 Bd6 18. Rad1 g4 19. c5 Bc7 20. Bc4+ Kh8 21. Nd4
exd4 22. Qxd4+ Be5 0-1

[Event "Quebec op"]
[Site "Montreal CAN"]
[Date "1973.10.07"]
[Round "4"]
[White "Poliquin, Francois"]
[Black "Brodie, Hugh"]
[Result "1-0"]
[WhiteElo "1700"]
[BlackElo "1800"]
[PlyCount "29"]
[EventDate "1973.10.06"]
[EventType "swiss"]
[EventRounds "6"]
[EventCountry "CAN"]

1. d4 e5 2. dxe5 Nc6 3. Nf3 Qe7 4. Nc3 Nxe5 5. Bf4 Nxf3+ 6. gxf3 c6 7. Qd2 d5
8. O-O-O Bd7 9. e4 O-O-O 10. exd5 Nf6 11. dxc6 Bxc6 12. Bh3+ Bd7 13. Nb5 Qc5
14. Qa5 a6 15. Na7+ 1-0

[Event "Quebec op"]
[Site "Montreal CAN"]
[Date "1973.10.08"]
[Round "5"]
[White "Brodie, Hugh"]
[Black "Bedard, Roger"]
[Result "0-1"]
[WhiteElo "1800"]
[BlackElo "1700"]
[PlyCount "107"]
[EventDate "1973.10.06"]
[EventType "swiss"]
[EventRounds "6"]
[EventCountry "CAN"]

1. e4 e6 2. d4 d5 3. e5 c5 4. c3 Nc6 5. Nf3 Qb6 6. Bd3 cxd4 7. cxd4 Bd7 8. O-O
Nxd4 9. Nxd4 Qxd4 10. Nc3 Qxe5 11. Nb5 Bd6 12. f4 Bc5+ 13. Kh1 Qb8 14. Qf3 Nf6
15. Nc3 O-O 16. Bd2 Bc6 17. Qh3 b6 18. Rae1 Qb7 19. Re2 d4 20. Nd1 Be4 21. Bxe4
Nxe4 22. Qf3 Nd6 23. Qh5 Nf5 24. Rf3 g6 25. Qh3 Be7 26. Nf2 Rac8 27. Ng4 Rc2
28. Nh6+ Kg7 29. Nxf5+ exf5 30. Rd3 Bf6 31. Kg1 Rxb2 32. g4 fxg4 33. Qxg4 Rb1+
34. Be1 Qa6 35. Qh3 Bh4 36. Kf1 Bxe1 37. Rxe1 Rxe1+ 38. Kxe1 Re8+ 39. Kf2 Qxa2+
40. Kg3 Qd5 41. Qf1 Re4 42. h4 h5 43. Qd1 b5 44. Qa1 Qc4 45. Qd1 b4 46. Kf3 Qd5
47. Kg3 a5 48. Rf3 f5 49. Qc2 Re7 50. Rd3 Qe4 51. Qd2 Rc7 52. Rxd4 Rc3+ 53. Kh2
Rc2 54. Kg3 0-1

[Event "Quebec op"]
[Site "Montreal CAN"]
[Date "1973.10.08"]
[Round "6"]
[White "Verbeque, R."]
[Black "Brodie, Hugh"]
[Result "0-1"]
[WhiteElo "1600"]
[BlackElo "1800"]
[PlyCount "104"]
[EventDate "1973.10.06"]
[EventType "swiss"]
[EventRounds "6"]
[EventCountry "CAN"]

1. e4 c5 2. Nc3 Nc6 3. f4 d6 4. Bb5 Bd7 5. a3 Nf6 6. d3 g6 7. Nf3 Bg7 8. O-O
Qb6 9. Bc4 O-O 10. e5 dxe5 11. fxe5 Ng4 12. Nd5 Qd8 13. d4 cxd4 14. Nxd4 Ngxe5
15. Nxc6 Bxc6 16. Ba2 Rc8 17. Bg5 Bxd5 18. Bxd5 h6 19. Bh4 g5 20. Bf2 Qc7 21.
Bb3 Nc4 22. Bxc4 Qxc4 23. c3 Qb5 24. Rb1 a6 25. Qf3 Rc4 26. Qd3 Qc6 27. Rbd1 b5
28. Qd7 Qc7 29. Rfe1 e6 30. Bg3 Qb6+ 31. Bf2 Qc7 32. Qxc7 Rxc7 33. Rd6 Ra8 34.
Red1 a5 35. Rd8+ Rxd8 36. Rxd8+ Kh7 37. Bb6 Rb7 38. Bxa5 e5 39. Kf2 f5 40. Rd6
Bf8 41. Rc6 e4 42. Ke3 Rd7 43. Rc7 Rxc7 44. Bxc7 Bc5+ 45. Ke2 Kg6 46. g3 Kf6
47. c4 bxc4 48. Ba5 Ke5 49. Bc3+ Bd4 50. Bxd4+ Kxd4 51. a4 f4 52. a5 Kc5 0-1

[Event "Montreal op"]
[Site "Montreal CAN"]
[Date "1973.08.31"]
[Round "1"]
[White "Lanois, Alain"]
[Black "Brodie, Hugh"]
[Result "0-1"]
[WhiteElo "1370"]
[BlackElo "1800"]
[PlyCount "86"]
[EventDate "1973.08.31"]
[EventType "swiss"]
[EventRounds "7"]
[EventCountry "CAN"]

1. Nf3 d6 2. g3 e5 3. c4 Nc6 4. Nc3 g6 5. Bg2 Bg7 6. O-O f5 7. d3 Nf6 8. Rb1
O-O 9. Qc2 h6 10. b4 Be6 11. Bd2 Qd7 12. Rfc1 g5 13. b5 Nd8 14. Na4 f4 15. c5
Ne8 16. cxd6 cxd6 17. Ba5 Qf7 18. e3 g4 19. Ne1 f3 20. Bf1 Bxa2 21. Rb2 Be6 22.
Nc3 b6 23. Bb4 Nb7 24. Ne4 Nc5 25. Qd2 Bf5 26. Bxc5 dxc5 27. Nc2 Rd8 28. Qc3
Nd6 29. Nxd6 Rxd6 30. e4 Be6 31. Ne3 h5 32. Nc4 Rd4 33. Ra1 Bxc4 34. dxc4 Rxe4
35. Rba2 h4 36. Rxa7 Qf6 37. Rc7 hxg3 38. hxg3 Rd4 39. Raa7 Bh8 40. Bd3 e4 41.
Bf1 Rfd8 42. Rc6 Qe5 43. Qe3 Qh5 0-1

[Event "Montreal op"]
[Site "Montreal CAN"]
[Date "1973.09.01"]
[Round "2"]
[White "Brodie, Hugh"]
[Black "Lafontaine, Marc"]
[Result "0-1"]
[WhiteElo "1800"]
[BlackElo "1440"]
[PlyCount "188"]
[EventDate "1973.08.31"]
[EventType "swiss"]
[EventRounds "7"]
[EventCountry "CAN"]

1. d4 d5 2. e4 dxe4 3. Nc3 e5 4. Be3 exd4 5. Bxd4 c5 6. Be3 Qxd1+ 7. Rxd1 f5 8.
Bc4 Nf6 9. f3 Bd7 10. fxe4 fxe4 11. Nge2 Nc6 12. Ng3 Ng4 13. Bg1 e3 14. h3 Nf2
15. Bxf2 exf2+ 16. Kxf2 O-O-O 17. Nb5 Be7 18. Nd6+ Bxd6 19. Rxd6 Rhf8+ 20. Ke3
Rde8+ 21. Kd2 Rf2+ 22. Kc3 Rxg2 23. Nh5 Re3+ 24. Rd3 Ree2 25. Rc1 Ref2 26. Re3
Nd4 27. Bd3 g6 28. Ng3 Bf5 29. Nxf5 Nxf5 30. Re8+ Kc7 31. Bxf5 Rxf5 32. Re7+
Kc6 33. Rce1 Rf3+ 34. R1e3 Rgg3 35. R7e6+ Kb5 36. Rxf3 Rxf3+ 37. Kd2 Rxh3 38.
b3 b6 39. a3 Rh5 40. c4+ Ka6 41. b4 cxb4 42. axb4 Kb7 43. Kd3 a5 44. bxa5 bxa5
45. Kd4 a4 46. c5 a3 47. Kc4 a2 48. Re1 Rh2 49. Kd5 Rd2+ 50. Kc4 Rb2 51. Re7+
Kc6 52. Ra7 Rc2+ 53. Kd4 Rxc5 54. Rxa2 Kd6 55. Ke4 Ke6 56. Ra6+ Kf7 57. Kf4 Kg7
58. Kg4 h5+ 59. Kh4 Kh6 60. Rd6 Rf5 61. Re6 Rf4+ 62. Kh3 Kg5 63. Re5+ Rf5 64.
Re4 Rf4 65. Re5+ Kf6 66. Re3 g5 67. Ra3 Rh4+ 68. Kg3 Re4 69. Rf3+ Ke5 70. Rd3
h4+ 71. Kh3 Kf4 72. Rd2 Re3+ 73. Kh2 g4 74. Rf2+ Ke4 75. Rf8 Re2+ 76. Kg1 h3
77. Rf7 g3 78. Re7+ Kd3 79. Rd7+ Ke3 80. Re7+ Kd2 81. Rd7+ Kc3 82. Rc7+ Kd4 83.
Rd7+ Kc5 84. Rd1 Kc4 85. Ra1 Kb3 86. Rd1 Kb2 87. Rf1 Rc2 88. Rd1 Rc1 89. Rxc1
Kxc1 90. Kf1 Kd2 91. Kg1 Ke2 92. Kh1 g2+ 93. Kg1 Kf3 94. Kh2 Kf2 0-1

[Event "Montreal op"]
[Site "Montreal CAN"]
[Date "1973.09.01"]
[Round "3"]
[White "Tranduc, H."]
[Black "Brodie, Hugh"]
[Result "0-1"]
[WhiteElo "1550"]
[BlackElo "1800"]
[PlyCount "106"]
[EventDate "1973.08.31"]
[EventType "swiss"]
[EventRounds "7"]
[EventCountry "CAN"]

1. e4 c5 2. Nf3 Nc6 3. d4 cxd4 4. Nxd4 g6 5. Bc4 Bg7 6. Be3 Nf6 7. Nc3 Qa5 8.
f3 Qb4 9. Bb3 Nxe4 10. fxe4 Nxd4 11. a3 Qd6 12. Ba2 a6 13. O-O O-O 14. Nd5 Nc6
15. c3 Be5 16. Bf4 b5 17. Qf3 Bxf4 18. Nxf4 Ne5 19. Qg3 Nc4 20. Qf2 Bb7 21.
Rad1 Qc7 22. Nd5 Bxd5 23. Rxd5 Qa7 24. Bxc4 bxc4 25. Qxa7 Rxa7 26. Rc5 Rb8 27.
Rb1 Rab7 28. Rxc4 Rxb2 29. Rxb2 Rxb2 30. Ra4 Rb6 31. Kf2 Kg7 32. Ke3 Kf6 33.
Rb4 Rxb4 34. cxb4 Ke6 35. Kd4 Kd6 36. a4 Kc6 37. g4 h6 38. h4 f6 39. Kc4 e6 40.
Kd4 d6 41. Kc4 h5 42. gxh5 gxh5 43. Kd4 f5 44. exf5 exf5 45. Ke3 Kd5 46. Kf4
Kc4 47. b5 axb5 48. axb5 Kxb5 49. Kxf5 Kc4 50. Kg5 d5 51. Kxh5 d4 52. Kg4 d3
53. Kf3 Kc3 0-1

[Event "Montreal op"]
[Site "Montreal CAN"]
[Date "1973.09.02"]
[Round "4"]
[White "Brodie, Hugh"]
[Black "Rioux, Roger"]
[Result "1-0"]
[WhiteElo "1800"]
[BlackElo "1550"]
[PlyCount "41"]
[EventDate "1973.08.31"]
[EventType "swiss"]
[EventRounds "7"]
[EventCountry "CAN"]

1. d4 Nf6 2. f3 d5 3. e4 dxe4 4. Nc3 exf3 5. Qxf3 c6 6. h3 Be6 7. Be3 g6 8.
O-O-O Bg7 9. Bd3 O-O 10. Nge2 Nd5 11. Bf2 Nxc3 12. Nxc3 Qa5 13. a3 Nd7 14. h4
Nf6 15. Rde1 Kh8 16. Re5 Nd5 17. h5 Bxe5 18. dxe5 Nxc3 19. hxg6 fxg6 20. Rxh7+
Kxh7 21. Qh5+ 1-0

[Event "Montreal op"]
[Site "Montreal CAN"]
[Date "1973.09.02"]
[Round "5"]
[White "Nadler, Louis"]
[Black "Brodie, Hugh"]
[Result "0-1"]
[WhiteElo "1400"]
[BlackElo "1800"]
[PlyCount "57"]
[EventDate "1973.08.31"]
[EventType "swiss"]
[EventRounds "7"]
[EventCountry "CAN"]

1. e4 c5 2. Nf3 d6 3. d4 cxd4 4. Nxd4 Nf6 5. Nc3 g6 6. f3 Bg7 7. Be3 O-O 8. Bc4
Nc6 9. Qd2 Bd7 10. a3 Qa5 11. O-O-O Rfc8 12. Ba2 Ne5 13. Nb3 Qa6 14. Nd4 Nc4
15. Bxc4 Rxc4 16. g4 Rac8 17. Nde2 b5 18. Qd3 b4 19. axb4 Qb7 20. Kd2 Qxb4 21.
Rb1 Bb5 22. Rhc1 Nd7 23. Kd1 Rd4 24. Bxd4 Bxd3 25. cxd3 Bxd4 26. Nd5 Rxc1+ 27.
Rxc1 Qxb2 28. Nxd4 Qxd4 29. Ke2 0-1

[Event "Montreal op"]
[Site "Montreal CAN"]
[Date "1973.09.03"]
[Round "6"]
[White "Brodie, Hugh"]
[Black "Migicovsky, Manuel"]
[Result "1-0"]
[WhiteElo "1800"]
[BlackElo "1625"]
[PlyCount "81"]
[EventDate "1973.08.31"]
[EventType "swiss"]
[EventRounds "7"]
[EventCountry "CAN"]

1. f4 d5 2. b3 c5 3. Nf3 Nc6 4. e3 e6 5. Bb5 Bd7 6. Bb2 Nf6 7. O-O Be7 8. Nc3
O-O 9. Ne2 a6 10. Bxc6 Bxc6 11. Ng3 Bd6 12. Ne5 Nd7 13. Nxc6 bxc6 14. Nh5 f6
15. Qg4 Qe7 16. Nxg7 Kh8 17. Qxe6 Kxg7 18. Qg4+ Kh8 19. Rf3 Rg8 20. Qh3 Rg7 21.
Raf1 Rag8 22. g3 Nf8 23. Qh4 Rf7 24. h3 Rg6 25. g4 d4 26. exd4 cxd4 27. Bxd4
Bc5 28. Qf2 Bxd4 29. Qxd4 Rfg7 30. Kh1 Ne6 31. Qc4 Nc7 32. f5 Rh6 33. Re3 Qd7
34. Rd3 Qe8 35. Qf4 Rh4 36. Qd4 Rgxg4 37. Qxf6+ Kg8 38. Rdf3 Nd5 39. Qe6+ Qxe6
40. fxe6 Rg7 41. Rf8# 1-0

[Event "Montreal op"]
[Site "Montreal CAN"]
[Date "1973.09.03"]
[Round "7"]
[White "McAinsh, W."]
[Black "Brodie, Hugh"]
[Result "1/2-1/2"]
[WhiteElo "1550"]
[BlackElo "1800"]
[PlyCount "63"]
[EventDate "1973.08.31"]
[EventType "swiss"]
[EventRounds "7"]
[EventCountry "CAN"]

1. e4 c5 2. Nf3 d6 3. d4 cxd4 4. Nxd4 Nf6 5. Nc3 g6 6. Be3 Bg7 7. Be2 O-O 8.
O-O Nc6 9. Qd2 Ng4 10. Nxc6 bxc6 11. Bg5 Be6 12. Rab1 Qc7 13. h3 Ne5 14. b3 f5
15. Bh6 Rad8 16. Bxg7 Kxg7 17. Rbd1 f4 18. f3 g5 19. Qd4 c5 20. Nd5 Qd7 21. Qf2
Ng6 22. g4 fxg3 23. Qxg3 h6 24. f4 Bxd5 25. Rxd5 Nxf4 26. Rxf4 Rxf4 27. Rxg5+
hxg5 28. Qxg5+ Kh7 29. Qh5+ Kg7 30. Qg5+ Kh7 31. Qh5+ Kg7 32. Qg5+ 1/2-1/2

[Event "Sherbrooke"]
[Site "Sherbrooke CAN"]
[Date "1973.08.25"]
[Round "1"]
[White "Brodie, Hugh"]
[Black "Gaudreau, W."]
[Result "1-0"]
[WhiteElo "1800"]
[BlackElo "1600"]
[PlyCount "43"]
[EventDate "1973.08.25"]
[EventType "swiss"]
[EventRounds "5"]
[EventCountry "CAN"]

1. d4 d5 2. e4 Nf6 3. Nc3 g6 4. e5 Nfd7 5. Nxd5 f5 6. exf6 exf6 7. Bc4 Nc6 8.
Nf3 Nb4 9. Qe2+ Be7 10. Nxb4 c5 11. Nd5 Qa5+ 12. b4 Qxb4+ 13. Kd1 Ne5 14. Nxb4
Bg4 15. dxe5 Bxf3 16. gxf3 Rd8+ 17. Nd5 O-O 18. Bd2 Kh8 19. Nxe7 Rd4 20. exf6
Rxf6 21. Nxg6+ Rxg6 22. Qe8+ 1-0

[Event "Sherbrooke"]
[Site "Sherbrooke CAN"]
[Date "1973.08.25"]
[Round "2"]
[White "Lebrun, G."]
[Black "Brodie, Hugh"]
[Result "0-1"]
[WhiteElo "1600"]
[BlackElo "1800"]
[PlyCount "50"]
[EventDate "1973.08.25"]
[EventType "swiss"]
[EventRounds "5"]
[EventCountry "CAN"]

1. e4 c5 2. e5 Nc6 3. Nf3 Qc7 4. Bc4 Nxe5 5. Nxe5 Qxe5+ 6. Kf1 d5 7. Bb5+ Bd7
8. Bxd7+ Kxd7 9. Qg4+ e6 10. Qa4+ Kc7 11. Nc3 a6 12. d3 Bd6 13. Nb5+ Kd8 14.
Qa5+ Bc7 15. Nxc7 Qxc7 16. Qxc7+ Kxc7 17. Bf4+ Kc6 18. Be5 f6 19. Bg3 Ne7 20.
Rd1 e5 21. c3 Nf5 22. f3 Nxg3+ 23. hxg3 b5 24. g4 Rad8 25. g5 d4 0-1